00627nam a22001937a 4500003000400000008004100004020001800045082001900063245009200082260005400174300001000228650004800238650004700286650003400333700001600367700001600383700001600399700001800415OSt260629b |||||||| |||| 00| 0 eng d a9788170196334 a633.8893bP18D aDiseases of Medicinal and Aromatic Plants and their ManagementcEditers- Pandey, Rakesh aNew DelhibIndian Phytopathological Societyc2019 a352p. aMedicinal plants $x Diseases $x Management. aAromatic plants $x Diseases $x Management. aPlant diseases $x Management. aMishra, A.K aSingh, H.B. aKalra, Alok aSingh, Dinesh